The Tyre industry of China (Record no. 71105)

MARC details
000 -LEADER
fixed length control field 00291nam a2200121Ia 4500
245 #4 - TITLE STATEMENT
Title The Tyre industry of China
260 ## - PUBLICATION, DISTRIBUTION, ETC. (IMPRINT)
Name of publisher Automotive Rubber Trends
Year of publication 2000
300 ## - PHYSICAL DESCRIPTION
Number of Pages 53-66
650 ## - SUBJECT ADDED ENTRY--TOPICAL TERM
Topical Term China
650 ## - SUBJECT ADDED ENTRY--TOPICAL TERM
Topical Term Tyre industry
942 ## - ADDED ENTRY ELEMENTS (KOHA)
Koha item type Journals
Holdings
Withdrawn status Lost status Damaged status Not for loan Home library Current library Shelving location Date acquired Serial Enumeration / chronology Koha item type
      Journals RRII Library RRII Library Agricultural economics 17/12/2021 Volume Qur, Issue 2 Journals